NBA team quizzes Cleveland Cavaliers - Statistics

General Stats
  • This quiz has been taken 77 times
  • The average score is 8 of 10
Answer Stats
Hint Answer % Correct
scoring leader LeBron James
100%
how many rings do they have 1
96%
when was their ring 2016
94%
what team did they beat after being down 3-1 Golden State Warriors
94%
how many jerseys have they retired (after the LeBron retirement) 8
91%
rebounds leader LeBron James
91%
assists leader LeBron James
91%
steals leader LeBron James
91%
Blocks leader Zydrunas Ilgauskas
52%
which retired jersey player spent the least time in Cleveland Nate Thurmond
13%
No matching quizzes found
Score Distribution
Percent of People with Each Score
Percentile by Number Answered
Your Score History
You have not taken this quiz